About Argentina and Brazil - Statistics

General Stats
  • This quiz has been taken 91 times
    81 since last reset
  • The average score is 6 of 9
Answer Stats
Hint Answer % Correct
Official Language Spoken in Argentina Spanish
100%
Official Language Spoken in Brazil Portuguese
97%
Brazil's Most Populated City is Brasillia False
72%
Argentina is Home to the World's Largest Rainforest (Most of It) False
69%
Rio was Home to the 2016 Olympic Games Yes
60%
Brazil EatTacos No
55%
Currency of Argentina Pesos
51%
Summer,Winter,or Paralympics Summer
46%
Currency of Brazil Reals
31%
No matching quizzes found
Score Distribution
Percent of People with Each Score
Percentile by Number Answered
Your Score History
You have not taken this quiz since the last reset